| 000 | 00639nam a2200205 i 4500 | ||
|---|---|---|---|
| 001 | bg | ||
| 245 | 0 |
_aFundamentowanie / _c[Red. nauk. Janusz Gierwielaniec]. |
|
| 260 |
_aWrocław : _bWydawn. Polt. Wrocł., _c1975. |
||
| 300 |
_as. 83 : _brys., tab. |
||
| 490 | 1 |
_aPrace Nauk. Inst. Geotechniki Polit. Wrocł. ; _vNr 14 |
|
| 500 | _a[Streszcz. w jęz. ang. i ros.]. | ||
| 504 | _a[Zawiera bibliogr.]. | ||
| 700 | 1 |
_aGIERWIELANIEC, Janusz. _ered. nauk. |
|
| 830 | _aPrace Nauk. Inst. Geotechniki Polit. Wrocł. ; | ||
| 040 | _cBPK | ||
| 041 | _apol | ||
| 080 | _a624.15 | ||
| 942 | _cKS | ||
| 008 | s pl f |000 0 pol | ||
| 999 |
_c16148 _d16148 |
||
| 856 |
_uhttp://koha.tu.koszalin.pl/cgi-bin/koha/opac-detail.pl?biblionumber=16148 _yKatalog online BPK |
||